| 000 | 00694nam a2200205 i 4500 | ||
|---|---|---|---|
| 001 | 31986 | ||
| 003 | ES-MaACL | ||
| 005 | 20250902103606.0 | ||
| 007 | t| | ||
| 008 | 030206n19001999sp ||||1| spa d | ||
| 100 | 1 |
_aBurgaleta, Vicente. _932615 |
|
| 245 | 1 | 4 |
_aUna cuestión de geodesia física / _cpor V. Burgaleta. |
| 260 |
_aMadrid : _bSociedad Matemática Española, _c[19--] |
||
| 300 |
_a10 p. ; _c25 cm. |
||
| 595 | _aSeparata de la Revista de la Sociedad Matemática Española, año 5º, abril y mayo, nº 47 y 48. | ||
| 650 | 7 |
_aGeodesia _2embne _913068 |
|
| 710 | 2 |
_aReal Sociedad Matemática Española _96404 |
|
| 852 |
_aES-MaACL _j1507-F-2 |
||
| 999 |
_c31986 _d31986 |
||